Aplicacoes da teoria de grupos na espectroscopia de raman e do infravermelho

Salvato in:
Dettagli Bibliografici
Autori principali: Bristoti, Anildo (Autore), Nicola, Jorge Humberto (Autore)
Natura: Libro
Lingua:portoghese
Pubblicazione: Washington, D.C Organiza 1980
Serie:Serie de Física. Monografía, 14
Soggetti:
Tags: Aggiungi Tag
Nessun Tag, puoi essere il primo ad aggiungerne!!

MARC

LEADER 00000nam a2200000 a 4500
001 UCX1443
003 CL-VaPUC
008 900824e19800000US |||||||||||||||||por|d
082 0 4 |a 535.84  |b BRI  |2 21 
100 0 |a Bristoti, Anildo  |e author  |9 316928 
700 0 |a Nicola, Jorge Humberto  |e author  |9 316929 
245 1 0 |a Aplicacoes da teoria de grupos na espectroscopia de raman e do infravermelho 
300 |a 102 p 
942 |c BK 
945 |d 19900824 00:00:00 
260 |a Washington, D.C  |b Organiza  |c 1980 
650 0 |a Análisis espectral   |9 315304 
650 0 |a Teoría de grupos   |9 270028 
583 |a last modification  |c 19900824 00:00:00  |k Rodrigo Vera 
490 0 |a Serie de Física. Monografía, 14 
999 |c 222674  |d 222672 
952 |0 0  |1 0  |4 0  |6 535_840000000000000_BRI_1980  |7 0  |8 A  |9 217737  |a BIBING  |b BIBING  |d 2019-11-15  |i 1651021  |o 535.84 BRI 1980  |p 1651021  |r 2025-01-20  |w 2019-11-15  |y BK  |k EIQ